| 000 | 00441nam a22001937a 4500 | ||
|---|---|---|---|
| 003 | MPLRDC | ||
| 005 | 20220104123439.0 | ||
| 008 | 210129b ||||| |||| 00| 0 eng d | ||
| 020 | _a957-620-110-1 | ||
| 082 | _a997 ZZT | ||
| 100 | _a张祉浩 | ||
| 245 |
_aIQ反斗城 _c |
||
| 250 | _a初版 | ||
| 260 |
_a _b号角出版社 _c1994 |
||
| 300 | _b平 | ||
| 490 | _a时代语言. 67 | ||
| 650 | _a智力游戏 | ||
| 942 |
_cBK _o997 ZZT |
||
| 999 |
_c11494 _d11484 |
||